000 00556nam a2200169 4500
001 266
005 20230411085953.0
008 060907n1990 dr spa
035 _9funglode267
041 _aES
100 _aPrieto, Indalecio
245 1 _aEpistolario Prieto - Negrín :
_bPuntos de vista sobre el desarrollo y consecuencias de la guerra civil española /
_cIndalecio Prieto
260 _aBarcelona :
_bFundación Indalecio Prieto; Planeta,
_c1990
300 _a156 p.
440 _aConvulsiones en España ;
_v4
942 _2lcc
_cbk
999 _c110224
_d110224